| 000 | 00447nam a2200157 4500 | ||
|---|---|---|---|
| 001 | 121263 | ||
| 003 | ES-MaACL | ||
| 005 | 20230906191724.0 | ||
| 007 | t| | ||
| 008 | 070214s1925 sp r ||||1| spa d | ||
| 100 | 1 |
_aPriego Jaramillo, Juan Manuel. _993861 |
|
| 245 | 1 | 0 |
_aJardinería general y española / _cpor J. Manuel Priego. |
| 260 |
_aMadrid : _bVoluntad, _c1925. |
||
| 300 |
_a304 p. : _bil. ; _c25 x 17 cm. |
||
| 852 |
_aES-MaACL _jA-3386 |
||
| 999 |
_c121263 _d121263 |
||